| 000 | 00370 a2200169 4500 | ||
|---|---|---|---|
| 001 | 172107 | ||
| 020 | _a85-16-00668-9 | ||
| 040 | _cMagnum | ||
| 100 | _aCarr, Stella | ||
| 240 | 1 | 0 |
_aO incrÃvel roubo da loteca _lpor |
| 245 | 1 | 0 | _aO incrÃvel roubo da loteca |
| 300 | _a109 | ||
| 362 | 0 | _a1992 | |
| 440 | 1 | _aModerna | |
| 697 | _aLITERATURA JUVENIL | ||
| 942 | _cBK | ||
| 999 |
_c172107 _d172107 |
||